000 00577nam a2200193Ia 4500
005 20250508151014.0
008 008 250505s9999 xx 000 0 eng d
037 _aTextBook
040 _aFEDL
_beng
_cFEDL
041 _aeng
_2eng
084 _a371.33, MCK
_qFEDL
100 _aMcKown H C
_992282
245 0 _aAudio - visual aids to instruction
260 _aNew York, USA
_bMcGraw-Hill Book Company
_c1940
300 _a385p
650 _aTeaching Aids Materials; Audio - Visual Materials
_9758174
942 _cTB
_h371.33, MCK
999 _c1326997
_d1326997